| 000 | 00637 a2200205 4500 | ||
|---|---|---|---|
| 999 |
_c1834 _d1834 |
||
| 020 | _a0869814125 | ||
| 050 | 0 | 0 | _aLB17.V45 1982 |
| 100 | 1 | _aVenter, I. S. J. | |
| 245 | 1 | 0 |
_aEducational themes in time perspective. _cI.S.J. Venter, T.L. Verster. |
| 264 |
_aDurban: _bButterworth, _cc1982 |
||
| 300 | _aix, 135p. : | ||
| 500 | _aIncludes index | ||
| 504 | _aBibliography: p. 142-148. | ||
| 650 | 0 |
_aEducation _xStudy and teaching |
|
| 650 | 0 |
_aEducation _xHistory. |
|
| 650 | 0 |
_aEducation _xHistory. |
|
| 700 | 1 | _aVerster, T. L. | |
| 942 |
_2lcc _cBK _h17.V45 _iVER _kLB |
||